Adivina donde están los estados de los estados - Estadísticas

Estadísticas generales
  • Esta prueba ha sido intentada 163 veces
    161 desde el último reinicio
  • La puntuación promedio es 20 de 50
Respuestas en el mapa
Las respuestas están codificadas por una escala verde-roja en el mapa de la prueba según el % correcto abajo.
 
Estadísticas de respuestas
Respuesta % Correcto
California
84%
Alaska
78%
Texas
78%
Florida
76%
Hawaii
76%
Washington
66%
Arizona
55%
Colorado
53%
Michigan
50%
Nueva York
50%
Carolina del Norte
48%
Montana
48%
Maine
45%
Nevada
45%
Oregon
45%
Georgia
43%
New Mexico
43%
Virginia Occidental
43%
Virginia
41%
Carolina del Sur
40%
Dakota del norte
40%
Kentucky
40%
Nueva Jersey
40%
Illinois
38%
Louisiana
34%
Minnesota
34%
Ohio
34%
Tennessee
34%
Maryland
33%
Massachusetts
33%
Pennsylvania
33%
Alabama
31%
Dakota del Sur
31%
Utah
31%
Arkansas
29%
Indiana
29%
Oklahoma
29%
Connecticut
26%
Delaware
26%
Idaho
26%
Mississippi
24%
Iowa
22%
Kansas
22%
Missouri
21%
Nebraska
21%
Wisconsin
21%
Wyoming
21%
Nuevo Hampshire
19%
Vermont
17%
Rhode Island
16%
No se encontraron pruebas coincidentes
Distribución de puntuación
Porcentaje de gente con cada puntuación
Porcentaje por número respondido
Historial de tus puntuaciones
No has intentado esta prueba desde el último reinicio